Migration and new media : transnational families and polymedia

"The way in which families maintain long distance communication when they are separated because of migration has been revolutionised by the emergence of a variety of internet- and mobile phone-based platforms. These platforms have created a new communicative environment, which the authors call...

Πλήρης περιγραφή

Αποθηκεύτηκε σε:
Λεπτομέρειες βιβλιογραφικής εγγραφής
Κύριος συγγραφέας: Μαδιανού, Μίρκα
Άλλοι συγγραφείς: Miller, Daneil 1954-
Μορφή: Βιβλίο
Γλώσσα:English
Δημοσίευση: Abingdon, Oxon ; New York : Routledge, 2012
Θέματα:
Ετικέτες: Προσθήκη ετικέτας
Δεν υπάρχουν, Καταχωρήστε ετικέτα πρώτοι!

MARC

LEADER 00000nam a2200000 i 4500
001 1/52458
008 140804s2012 eng d
020 |a 978-0-415-67929-9 
035 |l 10118502 
040 |a GR-MY-UA  |b gre  |e aacr 
041 0 |a eng 
082 0 |a 331.40941  |2 (23) 
100 1 |a Μαδιανού, Μίρκα. 
245 1 0 |a Migration and new media :  |b transnational families and polymedia /  |c Mirca Madianou and Daniel Miller 
260 |a Abingdon, Oxon ; New York :   |b Routledge,   |c 2012 
300 |a vii, 175 σ.;  |c 24 εκ. 
504 |a Περιλαμβάνει βιβλιογραφικές αναφορές και ευρετήριο 
505 0 |a The Philippines and globalisation : migration, mothering and communications -- Why they go and why they stay -- Letters and cassettes -- The mothers' perspective -- The children's perspective -- The technology of relationships -- Polymedia -- A theory of mediated relationships. -- Πηγή: Library of Congress 
520 |a "The way in which families maintain long distance communication when they are separated because of migration has been revolutionised by the emergence of a variety of internet- and mobile phone-based platforms. These platforms have created a new communicative environment, which the authors call 'polymedia'. This book draws on a long-term ethnographic study of prolonged separation between transnational Filipino migrant mothers in the UK and their left-behind children in the Philippines. It is unique in the way it provides firstly a theory of the new experience of media itself, as polymedia. This is complemented by a theory of relationships based on an analysis of mother-child communication. The authors seek to go beyond both media studies and anthropology to construct a new theory of mediated relationships that combines findings from both disciplines and has considerable importance for the social sciences more generally."--Από τον εκδότη. 
650 0 0 |a Communication in families  |z Philipines. 
650 0 0 |a Women foreign workers  |x Family relationships  |z Great Britain. 
650 0 0 |a Migrant labor  |z Great Britain. 
650 0 0 |a Women immigrants  |z Great Britain. 
650 0 0 |a Women domestics  |z Great Britain. 
700 1 |a Miller, Daneil  |d 1954- 
852 |a INST  |b LESVOS  |e 20140804  |h 331.40941 ΜΑΔ  |p 005100054458  |q 005100054458  |t BK  |y 0 
901 |a BIBL1-2014-2 
909 |a Λ  |b 189467 
922 |a 1ΕΛΗ  |b 201406  |c ΤΚΑΙ  |d ΔΙΑΔΡΟΜΕΣ 
970 |a ΤΖΑΦΕΡΗ  |b ΕΥΑΓΓΕΛΙΑ  |z 2014/07/08